Statistics for Bayer Leverkusen Quiz

Click here to take the quiz!

General Stats

  • This quiz has been taken 18 times
    (7 since last reset)
  • The average score is 8 of 10

Answer Stats

HintAnswer% Correct
How many Bundesliga titles Bayer Leverkusen have won before the season 2024/25?1
100%
In what year was Bayer Leverkusen founded?1904
100%
In what season did they win the Bundesliga?2023-24 / 23-24
100%
How did that match end?5-0
100%
In what year did Bayer Leverkusen manage to reach to the finals of the Champions League?2002
80%
What was the name they always get called on and fans don’t like it before their successful season?Neverkusen
80%
What team did Bayer Leverkusen lose to that year?Real Madrid
80%
What team did they win against leading them to win the Bundesliga?Werder Bremen
80%
Who scored the only goal for Bayer Leverkusen but still isn’t enough to win?Lúcio
60%
Which former player became a manager for Bayer Leverkusen in October 2022?Xabi Alonso
60%

Score Distribution

Percentile by Number Answered

Percent of People with Each Score

Your Score History

You have not taken this quiz since the last reset